| 000 | 01105nam a22002897a 4500 | ||
|---|---|---|---|
| 005 | 20101227105254.0 | ||
| 008 | 101227t xxu||||| |||| 00| 0 eng d | ||
| 010 | _aENG-101866 | ||
| 020 |
_a9780071074001 _c299.00 |
||
| 020 |
_a0071074007 _c299.00 |
||
| 035 | _aEN-85399 | ||
| 037 | _bDBAD/PUB | ||
| 040 |
_adpl _bEng |
||
| 082 | _a302.2 | ||
| 100 | _925104 | ||
| 245 |
_aKey themes in interpersonal communication : _cby Anne Hill ... [et al.] _bculture, identities and performance / |
||
| 260 |
_aNew Delhi _bTata McGraw Hill _c2010 |
||
| 270 |
_a7 West Patel Nagar _bNew Delhi _e110008 |
||
| 300 |
_a217 p. : _c23cm (pbk) _bill. |
||
| 500 | _aIncludes bibliographical references and index | ||
| 650 |
_aInterpersonal communication. _925107 |
||
| 650 |
_aInterpersonal communication _xSocial aspects. _925108 |
||
| 650 |
_aIdentity (Psychology) _925109 |
||
| 700 |
_925105 _aHill, Anne _d1952- |
||
| 942 |
_2ddc _cEN _h302.2 _mKEY |
||
| 999 |
_c49516 _d49516 |
||